उगवतीच्या दिशेला (Record no. 1084698)

MARC details
000 -LEADER
fixed length control field 00708nam a2200193Ia 4500
008 - FIXED-LENGTH DATA ELEMENTS--GENERAL INFORMATION
fixed length control field 151119s9999||||xx |||||||||||||| ||und||
082 ## - DEWEY DECIMAL CLASSIFICATION NUMBER
Classification number 823.91ग्रेगस/उगव
082 ## - DEWEY DECIMAL CLASSIFICATION NUMBER
Item number GKKV32394
100 ## - MAIN ENTRY--PERSONAL NAME
Personal name ग्रेगसन ज्युलिया
245 ## - TITLE STATEMENT
Title उगवतीच्या दिशेला
260 ## - PUBLICATION, DISTRIBUTION, ETC. (IMPRINT)
Place of publication, distribution, etc पुणे
260 ## - PUBLICATION, DISTRIBUTION, ETC. (IMPRINT)
Name of publisher, distributor, etc मेहता पब्लीशिग हाउस
260 ## - PUBLICATION, DISTRIBUTION, ETC. (IMPRINT)
Date of publication, distribution, etc 2013
600 ## - SUBJECT ADDED ENTRY--PERSONAL NAME
Personal name ग्रेगसन ज्युलिया
630 ## - SUBJECT ADDED ENTRY--UNIFORM TITLE
Uniform title उगवतीच्या दिशेला
700 ## - ADDED ENTRY--PERSONAL NAME
Personal name ग्रेगसन ज्युलिया
730 ## - ADDED ENTRY--UNIFORM TITLE
Uniform title उगवतीच्या दिशेला
942 ## - ADDED ENTRY ELEMENTS (KOHA)
Koha item type Book
Holdings
Withdrawn status Lost status Damaged status Not for loan Home library Current library Date acquired Cost, normal purchase price Total Checkouts Full call number Barcode Date last seen Cost, replacement price Price effective from Koha item type
        G.K. Khandekar Vachanalaya, Mulund G.K. Khandekar Vachanalaya, Mulund 11/07/2013 0.00   GKKV32394 GKKV32394 11/19/2015 0.00 11/19/2015 Book